000 00309nam a22001337a 4500
020 _a978-81-8137-701-2
082 _a530
_bVER/D
100 _aR.VERMA
245 _aPHYSICS WITH SOLUTION
_bCLASS XI
260 _aDELHI
_bRACHNA SAGAR
_c2003
300 _a468
650 _aPHYSICS FOR CLASS XI
_zINDIA
942 _cBK
999 _c507
_d507